Risk : (Record no. 3048)
[ view plain ]
| 000 -LEADER | |
|---|---|
| fixed length control field | nam a22 a 4500 |
| 003 - CONTROL NUMBER IDENTIFIER | |
| control field | AKMAL |
| 005 - DATE AND TIME OF LATEST TRANSACTION | |
| control field | 20170519102812.0 |
| 008 - FIXED-LENGTH DATA ELEMENTS--GENERAL INFORMATION | |
| fixed length control field | 170519s1995 xxu 00 eng d |
| 020 ## - INTERNATIONAL STANDARD BOOK NUMBER | |
| International Standard Book Number | 0745015921 (pbk.): |
| Terms of availability | GBP19.95 |
| 040 ## - CATALOGING SOURCE | |
| Original cataloging agency | AKMAL |
| Transcribing agency | AKMAL |
| 082 04 - DEWEY DECIMAL CLASSIFICATION NUMBER | |
| Classification number | 685.1511 EEC |
| 090 00 - LOCALLY ASSIGNED LC-TYPE CALL NUMBER (OCLC); LOCAL CALL NUMBER (RLIN) | |
| Classification number (OCLC) (R) ; Classification number, CALL (RLIN) (NR) | 658.1511 |
| Local cutter number (OCLC) ; Book number/undivided call number, CALL (RLIN) | EEC |
| 100 1# - MAIN ENTRY--PERSONAL NAME | |
| Personal name | Eeckhoudt, Louis |
| 9 (RLIN) | 6350 |
| 245 10 - TITLE STATEMENT | |
| Title | Risk : |
| Remainder of title | evaluation, management and sharing / |
| Statement of responsibility, etc. | Louis Eeckhoudt, Christian Gollier ; translated by Val Lambson |
| 260 ## - PUBLICATION, DISTRIBUTION, ETC. | |
| Place of publication, distribution, etc. | New York; |
| -- | London : |
| Name of publisher, distributor, etc. | Harvester Wheatsheaf, |
| Date of publication, distribution, etc. | 1995 |
| 300 00 - PHYSICAL DESCRIPTION | |
| Extent | xviii, 347p. : |
| Other physical details | ill. ; |
| Dimensions | 24cm |
| 500 ## - GENERAL NOTE | |
| General note | Includes index |
| 504 ## - BIBLIOGRAPHY, ETC. NOTE | |
| Bibliography, etc. note | Bibliography: p.339-341 |
| 650 #0 - SUBJECT ADDED ENTRY--TOPICAL TERM | |
| Topical term or geographic name entry element | Risk |
| 9 (RLIN) | 4519 |
| 650 #0 - SUBJECT ADDED ENTRY--TOPICAL TERM | |
| Topical term or geographic name entry element | Risk management |
| General subdivision | Mathematical models |
| 9 (RLIN) | 6351 |
| 700 1# - ADDED ENTRY--PERSONAL NAME | |
| Personal name | Gollier, Christian |
| 9 (RLIN) | 6352 |
| 700 1# - ADDED ENTRY--PERSONAL NAME | |
| Personal name | Lambson |
| 9 (RLIN) | 6353 |
| 942 ## - ADDED ENTRY ELEMENTS (KOHA) | |
| Source of classification or shelving scheme | |
| Koha item type | Book |
| Withdrawn status | Lost status | Source of classification or shelving scheme | Damaged status | Not for loan | Collection code | Home library | Current library | Date acquired | Inventory number | Total Checkouts | Full call number | Barcode | Date last seen | Price effective from | Koha item type |
|---|---|---|---|---|---|---|---|---|---|---|---|---|---|---|---|
| NON-FICTION | AKMAL Melaka | AKMAL Melaka | 19.05.2017 | 001706 | 685.1511 EEC | 201703720 | 19.05.2017 | 19.05.2017 | Book |
